书目信息 |
| 000 | 00434nam0 2200181 450 | |
| 001 | 0735592734 | |
| 005 | 20070906095312.73 | |
| 010 | @d¥8.70 | |
| 100 | @a20070906d km y0chiy0120 ea | |
| 101 | 0 | @achi |
| 200 | 1 | @a电工技术手册@Adian gong ji shu shou ce@i第一卷 |
| 210 | @d1984 | |
| 215 | @d26cm | |
| 517 | 1 | @a第一卷@Adi yi juan |
| 606 | 0 | @a发电厂 |
| 690 | @aTM62@v3 | |
| 801 | 0 | @aCN@bPFT@c20070906 |
| 905 | @a213230@dTM62@eP3:1@f1 | |
| 电工技术手册.第一卷.-1984 |
| 26cm |
| ISBN :¥8.70 |
| ● |
| 相关链接 |
|
|
|
|
正题名:电工技术手册
索取号:TM62/P3:1
 
预约/预借
| 序号 | 登录号 | 条形码 | 馆藏地/架位号 | 状态 | 备注 |
| 1 | 7201762 | 272017621 | 密集书库-物理学院/ [索取号:TM62/P3:1] | 在馆 |